The holy Qur'an (Record no. 76331)

MARC details
000 -LEADER
fixed length control field 00758nam a2200169 a 4500
008 - FIXED-LENGTH DATA ELEMENTS--GENERAL INFORMATION
fixed length control field 120416s1946 ||||||||||||||||| || u
050 ## - LIBRARY OF CONGRESS CALL NUMBER
Classification number BP 109 Kor
100 ## - MAIN ENTRY--PERSONAL NAME
Personal name Ali, Abdullah Yusuf
245 14 - TITLE STATEMENT
Title The holy Qur'an
Statement of responsibility, etc. Translation and commentary by Abdullah Yusuf Ali
246 ## -
-- Koran, English and Arabic
260 ## - PUBLICATION, DISTRIBUTION, ETC.
Place of publication, distribution, etc. Teheran
Name of publisher, distributor, etc. Islamic Propagation Centre
Date of publication, distribution, etc. 1946
300 ## - PHYSICAL DESCRIPTION
Extent lviii, 1862 pages
350 ## -
-- 0.00
650 ## - SUBJECT ADDED ENTRY--TOPICAL TERM
Topical term or geographic name entry element ISLAM
995 ## -
-- MAIN LIBRARY OPEN ACCESS
-- 0.00
-- 722011
-- CBU-MAIN LIBRARY (Kitwe)
-- 1
-- 0.00
-- BP 109 KOR
-- 2
-- AVAILABLE
-- May 27, 2010
-- 001124
-- Main Library Open Access Collection
995 ## -
-- BINDERY (DAMAGED)
-- 0.00
-- 722006
-- CBU-MAIN LIBRARY (Kitwe)
-- 1
-- 15.95
-- BP 109 Kor
-- 1
-- DAMAGED
-- 001123
-- Main Library Open Access Collection
999 ## -
-- 76331
-- 76331
Holdings
Withdrawn status Lost status Source of classification or shelving scheme Damaged status Not for loan Permanent Location Current Location Shelving location Date acquired Total Checkouts Full call number Barcode Date last seen Copy number Price effective from Koha item type
          CBU-MAIN LIBRARY, KITWE. CBU-MAIN LIBRARY, KITWE.   04/25/2023   BP 109 Kor 001124 04/25/2023 1 04/25/2023 MONOGRAPH
          CBU-MAIN LIBRARY, KITWE. CBU-MAIN LIBRARY, KITWE.   04/25/2023   BP 109 Kor 001123 04/25/2023 2 04/25/2023 MONOGRAPH